Countries By HDI - Inequality Adjusted - Statistics

General Stats
  • This quiz has been taken 47 times
    43 since last reset
  • The average score is 47 of 50
Answer Stats
IHDI Country % Correct
0.859 Belgium
100%
0.863 Czech Republic
100%
0.891 Finland
100%
0.793 Greece
100%
0.896 Iceland
100%
0.886 Ireland
100%
0.846 Japan
100%
0.826 Luxembourg
100%
0.899 Norway
100%
0.808 Slovakia
100%
0.773 Spain
100%
0.882 Sweden
100%
0.888 Switzerland
100%
0.852 United Kingdom
100%
0.858 Austria
97%
0.857 Canada
97%
0.885 Denmark
97%
0.833 Estonia
97%
0.824 France
97%
0.780 Latvia
97%
0.791 Lithuania
97%
0.878 Netherlands
97%
0.729 Romania
97%
0.705 Serbia
97%
0.815 South Korea
97%
0.803 United States
97%
0.732 Argentina
94%
0.869 Australia
94%
0.712 Bulgaria
94%
0.721 Chile
94%
0.787 Croatia
94%
0.875 Germany
94%
0.761 Montenegro
94%
0.739 Portugal
94%
0.880 Slovenia
94%
0.795 Hungary
91%
0.783 Italy
91%
0.820 Malta
91%
0.860 New Zealand
91%
0.814 Poland
91%
0.750 Russia
91%
0.813 Singapore
91%
0.771 Belarus
88%
0.807 Cyprus
88%
0.717 Uruguay
88%
0.811 Israel
85%
0.728 Georgia
76%
0.701 Armenia
68%
0.709 Oman
56%
0.766 Kazakhstan
53%
No matching quizzes found
Score Distribution
Percent of People with Each Score
Percentile by Number Answered
Your Score History
You have not taken this quiz since the last reset